000 00526nam a2200145Ia 4500
003 GCL
008 140319s9999 xx 000 0 ara d
040 _aGCL /
_cGCL
082 0 4 _a015
_bل ن
100 1 _aليندر، لروى هارولد
245 1 0 _aنشاة البيليوجرافيا القومية الشاملة الجارية /
_cليندر، لروى هارولد
700 1 _aعبدالمنعم محمد موسى
260 _a[S.N] :
_bالهيئة المصرية العامة للكتاب ،
_c1984
490 _a
999 _c27725
_d27725